书目信息 |
| 题名: |
文言短文百则译解
|
|
| 作者: | 李淑章 编译 | |
| 分册: | ||
| 出版信息: | 呼和浩特 内蒙古人民出版社 1981 |
|
| 页数: | 208页 | |
| 开本: | 21cm | |
| 丛书名: | ||
| 单 册: | ||
| 中图分类: | H194.1 , G633.5 | |
| 科图分类: | ||
| 主题词: | 文言文--自学参考资料 , 教育--各级 | |
| 电子资源: | ||
| ISBN: | ||
| 000 | 00702nam0 2200265 45 | |
| 001 | 0181005720 | |
| 005 | 20040508170658.6 | |
| 010 | @dCNY0.94 | |
| 091 | @aR7089.187 | |
| 100 | @a19950127d1981 em y0chiy0121 ea | |
| 101 | 0 | @achi |
| 102 | @aCN@b150000 | |
| 105 | @ay z 000yy | |
| 106 | @ar | |
| 200 | 10 | @a文言短文百则译解@Awen yan duan wen bai ze yi jie@f李淑章编译 |
| 210 | @a呼和浩特@c内蒙古人民出版社@d1981 | |
| 215 | @a208页@d21cm | |
| 606 | @a文言文@x自学参考资料 | |
| 606 | 0 | @a教育@x各级 |
| 690 | @aH194.1@v3 | |
| 690 | @aG633.5 | |
| 701 | 0 | @a李淑章@Ali shu zhang@4编译 |
| 801 | 0 | @aCN@b上海图书馆@c20040508 |
| 801 | 2 | @aCN@bNLC@c20040508 |
| 905 | @f4@b70937-940@dG633.5@e12 | |
| 文言短文百则译解/李淑章编译.-呼和浩特:内蒙古人民出版社,1981 |
| 208页;21cm |
| ISBN :CNY0.94 |
| ● |
| 相关链接 |
|
|
|
|
正题名:文言短文百则译解
索取号:G633.5/12
 
预约/预借
| 序号 | 登录号 | 条形码 | 馆藏地/架位号 | 状态 | 备注 |
| 1 | 0070937 | 000600503 | 密集书库/ [索取号:G633.5/12] | 在馆 | |
| 2 | 0070938 | 000600521 | 密集书库/ [索取号:G633.5/12] | 在馆 | |
| 3 | 0070939 | 000601414 | 密集书库/ [索取号:G633.5/12] | 在馆 | |
| 4 | 0070940 | 000600512 | 密集书库/ [索取号:G633.5/12] | 在馆 | |
| 5 | 0070941 | 000600709 | 第一样本阅览室/ [索取号:G633.5/12] | 在馆 |